Statystyki dla Państwa które graniczą ze sobą. (łatwy)

Kliknij tutaj aby rozwiązać quiz!

Ogólne statystyki

  • Ten quiz został rozwiązany 368 razy
  • Średni wynik to 10 z 15

Statystyki odpowiedzi

ZagadnienieOdpowiedź% Poprawnych
PolskaLitwa
99%
KanadaUSA
89%
UkrainaRosja
86%
HiszpaniaAndora
83%
AustriaCzechy
80%
NiemcyBelgia
78%
AlgieriaTunezja
76%
WłochyAustria
73%
RosjaKorea Północna
73%
SerbiaRumunia
61%
KolumbiaPeru
49%
MeksykGwatemala
47%
FrancjaBrazylia
41%
IzraelEgipt
39%
ChinyTadżykistan
34%

Rozkład punktacji

Percentyl według liczby udzielonych odpowiedzi

Procent ludzi z każdym wynikiem

Twoja historia wyników

Nie rozwiązałeś tego quizu